000 00423nam a2200169Ia 4500
001 37972
005 20240114001952.0
007 ta
008 070622s a g b000 u u
082 _a320.9
_bDa 26 U
100 _aDas, Samir k .
245 0 _aULFA ; A Political Analysis /
_cSamir k Das.
_hTextual Documents
300 _bill ;
653 _aPolitics--Regional Issue
942 _2ddc
_cBK
999 _c37948
_d37948